Expresarse con acierto (Record no. 177426)

MARC details
000 -LEADER
campo de control de longitud fija 00874nam a22002415i 4500
001 - NÚMERO DE CONTROL
campo de control 177426
003 - IDENTIFICADOR DE NÚMERO DE CONTROL
campo de control ES-MaACL
005 - FECHA Y HORA DE LA ÚLTIMA TRANSACCIÓN
campo de control 20250804062605.0
008 - DATOS DE LONGITUD FIJA--INFORMACIÓN GENERAL
campo de control de longitud fija 110322s2010 sp |||| | spa d
020 ## - NÚMERO INTERNACIONAL ESTÁNDAR DEL LIBRO
Número Internacional Estándar del Libro 978-84-206-7424-7
080 ## - NÚMERO DE LA CLASIFICACIÓN DECIMAL UNIVERSAL
Número de la Clasificación Decimal Universal 808.5
100 1# - ENTRADA PRINCIPAL--NOMBRE DE PERSONA
Nombre de persona Cattani, Adelino.
9 (RLIN) 37081
245 10 - MENCIÓN DEL TÍTULO
Título Expresarse con acierto
Resto del título : una palabra para cada ocasión, una ocasión para cada palabra /
Mención de responsabilidad, etc. Adelino Cattani ; [traducción: Josefa Linares de la Puerta].
260 ## - PUBLICACIÓN, DISTRIBUCIÓN, ETC.
Lugar de publicación, distribución, etc. Madrid :
Nombre del editor, distribuidor, etc. Alianza,
Fecha de publicación, distribución, etc. D. L. 2010.
300 ## - DESCRIPCIÓN FÍSICA
Extensión 157 p. ;
Dimensiones 18 cm.
490 1# - MENCIÓN DE SERIE
Mención de serie El libro de bolsillo. Humanidades ;
Designación de volumen o secuencia HU 1
504 ## - NOTA DE BIBLIOGRAFÍA, ETC.
Nota de bibliografía, etc. Bibliografía: p. 147-157.
650 #4 - PUNTO DE ACCESO ADICIONAL DE MATERIA--TÉRMINO DE MATERIA
Término de materia o nombre geográfico como elemento de entrada Oratoria.
9 (RLIN) 15732
700 1# - ENTRADA AGREGADA--NOMBRE PERSONAL
Nombre de persona Linares, Pepa.
9 (RLIN) 72344
830 03 - PUNTO DE ACCESO ADICIONAL DE SERIE-TÍTULO UNIFORME
Título uniforme El libro de bolsillo.
Nombre de parte o sección de la obra Humanidades
Designación de volumen o secuencia HU 1
9 (RLIN) 178672
852 ## - LOCALIZACIÓN
Ubicación ES-MaACL
Número de control de estantería 2305-F-5
Nota libre Donativo de Pepa Linares
Holdings
Estatus retirado Estado de pérdida Estado de daño No para préstamo Colección Biblioteca de origen Biblioteca actual Ubicación en estantería Fecha de adquisición Fuente de adquisición Total de préstamos Signatura topográfica completa Código de barras Visto por última vez Precio de reemplazo Tipo de ítem Koha
        Colección de folletos Biblioteca del Ateneo de Madrid Biblioteca del Ateneo de Madrid Depósito folletos 22/03/2011     2305-F-5 1186350 23/02/2023 23/02/2023 Folleto